| 000 | 00400nam a2200157Ia 4500 | ||
|---|---|---|---|
| 008 | 230917s9999||||xx |||||||||||||| ||und|| | ||
| 040 |
_e139380 _aMAIN |
||
| 041 | _aEnglish | ||
| 082 | _a005.1 P926S(7) | ||
| 100 | _aPressman, Roger S | ||
| 245 | 0 | _aSoftware engineering: A practitioner's approach | |
| 250 | _a7th ed. | ||
| 260 |
_aBoston _bMcGraw-Hill _c2018 |
||
| 300 | _a895 p. | ||
| 942 | _cBK | ||
| 999 |
_c106972 _d106972 |
||